Potret Mahathir in potrait

Bibliographic Details
Main Author: ZAKARIA A. Wahab
Format: Book
Published: Batu Caves, Selangor : Gedung Karya , 1995
Subjects:

MARC

LEADER 00000cam a2200000 7i4500
001 0000001958
005 20020715.0
020 0 0 |a 9839290002 
090 0 0 |a 923.2595   |b ZAK 1995 
100 0 0 |a ZAKARIA A. Wahab 
245 1 0 |a Potret Mahathir in potrait   |c Zakaria A. Wahab 
260 0 0 |a Batu Caves, Selangor :   |b Gedung Karya ,   |c 1995 
300 |a 161 p. :   |b col. ill. ;   |c 23x30 cm. 
600 0 0 |a Mahathir bin Mohamad   |f Dato' Seri ,   |c 1925-   |x Pictorial works 
650 0 0 |a Prime Minister   |z Malaysia   |x Biography   |x Pictorial works 
998 |a JPSM 
999 |a 0000003203   |b Monograph   |c Open Shelf   |e Default branch